[Event "MetLife Warsaw Najdorf Chess Festival"]
[Site "Warsaw POL"]
[Date "2017.07.09"]
[EventDate "?"]
[Round "1.25"]
[Result "0-1"]
[White "Dawid Niekras"]
[Black "Antoaneta Stefanova"]
[WhiteElo "2291"]
[BlackElo "2512"]
[PlyCount "194"]

1. e4 g6 2. d4 Bg7 3. Nc3 c6 4. f4 d5 5. e5 h5 6. Nf3 Bg4
7. Be2 e6 8. Be3 Nh6 9. Qd2 Bf8 10. g3 Nf5 11. Bf2 h4
12. O-O-O Nd7 13. Ng5 Nh6 14. Rdf1 Nb6 15. Be1 Bxe2 16. Qxe2
Nc4 17. b3 Ba3+ 18. Kb1 Nf5 19. Nf3 Qb6 20. Qd3 Nb2 21. Qd2
Nc4 22. Qd3 Nb2 23. Qd2 a5 24. g4 Nc4 25. Qd3 Nfe3 26. Na4 Qb5
27. Rfg1 Be7 28. Nc3 Na3+ 29. Kc1 Qxd3 30. cxd3 h3 31. Kb2 b5
32. Bd2 Ng2 33. Rc1 Kd7 34. Ne2 b4 35. Ng3 Ra6 36. f5 Nh4
37. Ng5 Bxg5 38. Bxg5 Nf3 39. Be3 Nb5 40. fxe6+ fxe6 41. Rcf1
Nbxd4 42. Bxd4 Nxd4 43. Rf7+ Kc8 44. Rhf1 c5 45. Re7 Kb8
46. Rf6 a4 47. Nf1 c4 48. dxc4 dxc4 49. bxc4 Rd8 50. Ref7 a3+
51. Kb1 Ra5 52. Rf8 Rxf8 53. Rxf8+ Kc7 54. Rf4 Ne2 55. Rf7+
Kc6 56. Kc2 Nd4+ 57. Kd3 Nb3 58. Kc2 Na1+ 59. Kd3 Rxe5 60. Ne3
b3 61. axb3 Nxb3 62. Ra7 a2 63. Nc2 Nc5+ 64. Kc3 Re4 65. Rxa2
Rxg4 66. Nd4+ Kd6 67. Nb5+ Ke5 68. Re2+ Re4 69. Rd2 Re3+
70. Kb4 Nd3+ 71. Ka5 Nc5 72. Kb6 Ne4 73. Rc2 Rb3 74. c5 Kf6
75. Rc4 Ke5 76. Rc2 Kf4 77. c6 Nd6 78. Rc5 Ne8 79. c7 Nxc7
80. Rxc7 Rb2 81. Rf7+ Ke5 82. Kc6 Rxh2 83. Kd7 Rd2+ 84. Kc7 h2
85. Rf1 g5 86. Re1+ Kf4 87. Nd6 g4 88. Rf1+ Ke3 89. Nc4+ Ke2
90. Nxd2 g3 91. Rh1 Kxd2 92. Kd6 Ke3 93. Kxe6 Kf3 94. Ra1 g2
95. Ra3+ Kg4 96. Ra4+ Kg5 97. Ra5+ Kg6 0-1

[Event "MetLife Warsaw Najdorf Chess Festival"]
[Site "Warsaw POL"]
[Date "2017.07.10"]
[EventDate "?"]
[Round "2.20"]
[Result "1/2-1/2"]
[White "Antoaneta Stefanova"]
[Black "Oleg Zujev"]
[WhiteElo "2512"]
[BlackElo "2366"]
[PlyCount "76"]

1. d4 Nf6 2. Nf3 g6 3. g3 Bg7 4. Bg2 d5 5. O-O O-O 6. Nbd2 a5
7. a4 Na6 8. b3 Bf5 9. Bb2 c5 10. dxc5 Nxc5 11. Nd4 Nfe4
12. Rb1 Qb6 13. Nxf5 gxf5 14. Bxg7 Kxg7 15. Nxe4 dxe4 16. Qd4+
f6 17. Rfd1 Rfd8 18. Qe3 Qc7 19. Qc3 Qe5 20. Qxe5 fxe5 21. e3
Na6 22. f3 exf3 23. Bxf3 e4 24. Be2 Nb4 25. Rxd8 Rxd8 26. Rd1
Rxd1+ 27. Bxd1 Kf6 28. Kf2 e5 29. Ke2 Kg5 30. Kd2 f4 31. Be2
Nd5 32. exf4+ exf4 33. gxf4+ Kxf4 34. c3 h6 35. Bd1 Ne3
36. Be2 Nd5 37. Bd1 Ne3 38. Be2 Nd5 1/2-1/2

[Event "MetLife Warsaw Najdorf Chess Festival"]
[Site "Warsaw POL"]
[Date "2017.07.11"]
[EventDate "?"]
[Round "3.19"]
[Result "1/2-1/2"]
[White "Pawel Teclaf"]
[Black "Antoaneta Stefanova"]
[WhiteElo "2372"]
[BlackElo "2512"]
[PlyCount "78"]

1. e4 e5 2. Nf3 Nc6 3. Bb5 a6 4. Ba4 Nf6 5. O-O Be7 6. Re1 b5
7. Bb3 d6 8. c3 O-O 9. h3 Nb8 10. d4 Nbd7 11. Nbd2 Bb7 12. Bc2
Re8 13. b4 Bf8 14. a4 Nb6 15. a5 Nbd7 16. Bb2 g6 17. c4 bxc4
18. dxe5 Nxe5 19. Nxe5 dxe5 20. Bc3 c5 21. bxc5 Bxc5 22. Qf3
Rc8 23. Rab1 Ba8 24. Ba4 Re6 25. Nxc4 Bxf2+ 26. Qxf2 Rxc4
27. Bb3 Rxc3 28. Bxe6 fxe6 29. Red1 Qf8 30. Rb8 Qxb8 31. Qxf6
Bd5 32. exd5 exd5 33. Qe6+ Kg7 34. Qe7+ Kh6 35. Qh4+ Kg7
36. Qe7+ Kh6 37. Qh4+ Kg7 38. Qe7+ Kh6 39. Qh4+ Kg7 1/2-1/2

[Event "MetLife Warsaw Najdorf Chess Festival"]
[Site "Warsaw POL"]
[Date "2017.07.12"]
[EventDate "?"]
[Round "4.19"]
[Result "1/2-1/2"]
[White "Antoaneta Stefanova"]
[Black "Harshit Raja"]
[WhiteElo "2512"]
[BlackElo "2377"]
[PlyCount "101"]

1. Nf3 Nf6 2. b3 d5 3. Bb2 g6 4. c4 c6 5. g3 Bg7 6. Bg2 Qb6
7. Qc1 dxc4 8. Qxc4 a5 9. O-O Be6 10. Qc2 O-O 11. Nc3 Na6
12. Na4 Qd8 13. Bd4 b5 14. Nc5 Nxc5 15. Bxc5 Bd5 16. Rac1 Ne4
17. Be3 Rc8 18. d3 Nc3 19. Bc5 b4 20. e4 Be6 21. h3 Qd7
22. Kh2 f5 23. Ng5 f4 24. d4 Bh6 25. gxf4 Rxf4 26. Nxe6 Qxe6
27. Rce1 Rcf8 28. a3 Rh4 29. Qd3 Bf4+ 30. Kg1 Bd6 31. axb4
axb4 32. d5 cxd5 33. Bxd6 exd6 34. exd5 Qf7 35. Re6 Rf4
36. Qe3 Nb5 37. Re7 Qf6 38. Qe6+ Kh8 39. Qxf6+ R8xf6 40. Rb7
Nd4 41. Re1 Rf7 42. Rxf7 Rxf7 43. Re3 Kg7 44. Bf1 Rf3 45. Re4
Nxb3 46. Rxb4 Nc5 47. Rd4 Rf5 48. Bg2 g5 49. Rd2 h6 50. h4 Kf6
51. hxg5+ 1/2-1/2

[Event "MetLife Warsaw Najdorf Chess Festival"]
[Site "Warsaw POL"]
[Date "2017.07.13"]
[EventDate "?"]
[Round "5.19"]
[Result "0-1"]
[White "Stanislaw Zylka"]
[Black "Antoaneta Stefanova"]
[WhiteElo "2368"]
[BlackElo "2512"]
[PlyCount "112"]

1. Nf3 g6 2. d4 Bg7 3. g3 d6 4. Bg2 Nd7 5. O-O e5 6. c3 Ngf6
7. dxe5 dxe5 8. Qa4 O-O 9. Rd1 Re8 10. Qh4 Qe7 11. Bg5 Qf8
12. Qc4 Nb6 13. Qb3 h6 14. Bxf6 Bxf6 15. e4 g5 16. Na3 Bd7
17. Rxd7 Nxd7 18. Qxb7 Nc5 19. Qd5 g4 20. Ne1 Rad8 21. Qc4 Rd2
22. b4 Ne6 23. Qb3 Ng5 24. Nc4 Rd7 25. Nc2 h5 26. N2e3 c6
27. Na5 Rc8 28. Qc4 Rd6 29. Nf5 Re6 30. Nb7 Rc7 31. Nc5 Re8
32. Nb3 Rd8 33. Na5 Qe8 34. Rf1 Rd2 35. b5 Qe6 36. Qc5 Qxa2
37. Nxc6 Ne6 38. Qb4 Rcd7 39. Nce7+ Kh8 40. Nd5 Rb2 41. Qxb2
Qxb2 42. Nxf6 Rd3 43. Nxh5 Qxb5 44. Nf6 Rxc3 45. Nxg4 Qc5
46. Nfh6 Nd8 47. Nf6 Rc1 48. Nhg4 Nc6 49. Nh6 a5 50. g4 Rxf1+
51. Bxf1 Qc1 52. Nf5 a4 53. h4 a3 54. Nd6 a2 55. h5 a1=Q
56. h6 Qxf1+ 0-1

[Event "MetLife Warsaw Najdorf Chess Festival"]
[Site "Warsaw POL"]
[Date "2017.07.15"]
[EventDate "?"]
[Round "7.15"]
[Result "1-0"]
[White "Lukasz Jarmula"]
[Black "Antoaneta Stefanova"]
[WhiteElo "2444"]
[BlackElo "2512"]
[PlyCount "55"]

1. d4 g6 2. e4 Bg7 3. Nc3 a6 4. f4 b5 5. Nf3 d6 6. Bd3 Nd7
7. e5 c5 8. Be4 Rb8 9. O-O Nh6 10. exd6 exd6 11. f5 cxd4
12. Nxd4 Qb6 13. Be3 Ng4 14. Qxg4 Bxd4 15. Bxd4 Qxd4+ 16. Kh1
O-O 17. fxg6 hxg6 18. Rad1 Qe5 19. Bd5 Qg7 20. Ne4 Qh6 21. Qg3
Bb7 22. Bxb7 Rxb7 23. Nxd6 Ra7 24. Nxf7 Qg7 25. Ng5 Qxb2
26. Qe3 Rc7 27. Qe6+ Kh8 28. Qh3+ 1-0

[Event "MetLife Warsaw Najdorf Chess Festival"]
[Site "Warsaw POL"]
[Date "2017.07.16"]
[EventDate "?"]
[Round "8.24"]
[Result "1/2-1/2"]
[White "Antoaneta Stefanova"]
[Black "Raphael Lagunow"]
[WhiteElo "2512"]
[BlackElo "2348"]
[PlyCount "185"]

1. Nf3 c5 2. c4 g6 3. d4 cxd4 4. Nxd4 Bg7 5. e4 Nc6 6. Nc2 d6
7. Ne3 Nf6 8. Nc3 O-O 9. Be2 Nd7 10. h4 Nc5 11. h5 a5 12. hxg6
hxg6 13. Nc2 a4 14. Bh6 a3 15. Bxg7 axb2 16. Bf6 exf6 17. Rb1
Kg7 18. Rxb2 Be6 19. Ne3 Qa5 20. Qd2 Rh8 21. O-O Rh7 22. f3
Rah8 23. Nb5 Qd8 24. Qxd6 Qb6 25. Kf2 Rd8 26. Qc7 Qxc7
27. Nxc7 Ne5 28. Kg3 f5 29. Rb5 b6 30. exf5 gxf5 31. Ned5 Bxd5
32. Nxd5 Ne6 33. Rxb6 Nd4 34. Rb2 Nxe2+ 35. Rxe2 Nxc4 36. Nf4
Kf6 37. Rc1 Rd4 38. Nh3 f4+ 39. Kf2 Ne5 40. Rb1 Rg7 41. Rb5
Nd3+ 42. Kg1 Rg8 43. Ra5 Rc4 44. Rd5 Nc5 45. Rd6+ Ne6 46. Ra6
Rd8 47. Kh2 Rd5 48. a4 Kg7 49. Ra2 Rh5 50. a5 Ng5 51. Ra8 Rc3
52. Rf2 Ra3 53. a6 Rh6 54. a7 Nxh3 55. gxh3 Rha6 56. h4 Rxa7
57. Rg2+ Kf6 58. Rxa7 Rxa7 59. Kh3 Ke5 60. Rb2 f5 61. Rb5+ Kf6
62. Rb6+ Kg7 63. Rb4 Kg6 64. Rxf4 Ra6 65. Kg3 Ra5 66. Rb4 Ra6
67. Kf4 Kf6 68. Rb8 Ra4+ 69. Kg3 Kg6 70. Rg8+ Kf7 71. Rb8 Kg6
72. Rb6+ Kg7 73. h5 Rc4 74. Rg6+ Kf7 75. f4 Ra4 76. Rb6 Kg7
77. Rc6 Rb4 78. Rg6+ Kf7 79. Rg5 Kf6 80. Rg6+ Kf7 81. Kf3 Rb3+
82. Kg2 Rb4 83. Kg3 Ra4 84. Rb6 Kg7 85. h6+ Kh7 86. Rf6 Rb4
87. Rxf5 Kxh6 88. Rg5 Rb6 89. Kg4 Rg6 90. Kf5 Rxg5+ 91. fxg5+
Kg7 92. g6 Kg8 93. Kf6 1/2-1/2

[Event "MetLife Warsaw Najdorf Chess Festival"]
[Site "Warsaw POL"]
[Date "2017.07.17"]
[EventDate "?"]
[Round "9.21"]
[Result "1/2-1/2"]
[White "Radoslaw Barski"]
[Black "Antoaneta Stefanova"]
[WhiteElo "2402"]
[BlackElo "2512"]
[PlyCount "65"]

1. e4 e5 2. Nf3 Nc6 3. Bb5 a6 4. Ba4 Nf6 5. O-O Be7 6. Re1 b5
7. Bb3 d6 8. c3 O-O 9. h3 Nb8 10. d4 Nbd7 11. Nbd2 Bb7 12. Bc2
Re8 13. Nf1 Bf8 14. Ng3 g6 15. Bg5 h6 16. Bd2 Bg7 17. a4 Nb6
18. b3 bxa4 19. bxa4 a5 20. Bd3 Qd7 21. d5 Ba6 22. Bxa6 Rxa6
23. Qb3 Rb8 24. c4 Qc8 25. Qc2 Nbd7 26. Rab1 Rxb1 27. Rxb1 c6
28. Ne1 cxd5 29. cxd5 Qxc2 30. Nxc2 Nc5 31. f3 Nxa4 32. Rb5
Nb6 33. Rxa5 1/2-1/2

[Event "Chinese Chess League"]
[Site "China CHN"]
[Date "2017.07.26"]
[EventDate "2017.04.18"]
[Round "8.3"]
[Result "1-0"]
[White "Antoaneta Stefanova"]
[Black "Tianlu Gu"]
[WhiteElo "2512"]
[BlackElo "2186"]
[PlyCount "131"]

1. d4 d5 2. c4 c6 3. Nf3 Nf6 4. e3 g6 5. Nc3 Bg7 6. Be2 O-O
7. O-O Bg4 8. h3 Bxf3 9. Bxf3 e6 10. b3 Re8 11. Bb2 Nbd7
12. Rc1 a5 13. g3 Qe7 14. Qc2 Rac8 15. Qb1 e5 16. cxd5 e4
17. Bg2 cxd5 18. Nb5 Nb8 19. Na7 Rxc1 20. Rxc1 Qd7 21. Qc2 Bf8
22. Qc7 Qxc7 23. Rxc7 Re7 24. Rc1 Re6 25. Bf1 Kg7 26. Bb5 Na6
27. a3 Ne8 28. Rc8 Nec7 29. Bxa6 Nxa6 30. a4 Bb4 31. Kf1 Re7
32. Nb5 Re6 33. Ke2 Rc6 34. Rxc6 bxc6 35. Na3 Kf8 36. Nc2 Ke7
37. Bc1 Kd6 38. Bd2 c5 39. dxc5+ Kxc5 40. g4 Bxd2 41. Kxd2 h6
42. Kc3 h5 43. gxh5 gxh5 44. h4 Nc7 45. Nd4 Ne6 46. Nf5 f6
47. Ng3 Ng7 48. Kc2 Kb4 49. Kb2 Kc5 50. Kc3 f5 51. b4+ axb4+
52. Kb3 Ne6 53. Nxf5 Nd8 54. Nd4 Nb7 55. Ne6+ Kd6 56. Nf4 Kc5
57. Nxh5 Na5+ 58. Kb2 Nc4+ 59. Kc2 Ne5 60. Nf6 Kc4 61. h5 b3+
62. Kb1 d4 63. exd4 Kxd4 64. h6 Kc3 65. a5 Nc4 66. Nxe4+ 1-0

[Event "Chinese Chess League"]
[Site "China CHN"]
[Date "2017.07.27"]
[EventDate "2017.04.18"]
[Round "9.4"]
[Result "1-0"]
[White "Ju Wenjun"]
[Black "Antoaneta Stefanova"]
[WhiteElo "2572"]
[BlackElo "2512"]
[PlyCount "73"]

1. Nf3 d5 2. g3 g6 3. d4 Bg7 4. Bg2 Nf6 5. c4 c6 6. O-O O-O
7. b3 dxc4 8. bxc4 c5 9. Bb2 cxd4 10. Nxd4 Qb6 11. Qc2 Nc6
12. c5 Qa6 13. Nxc6 bxc6 14. Nd2 Bg4 15. Bf3 Bxf3 16. Nxf3
Rab8 17. Be5 Rb4 18. Rfc1 Nd5 19. a3 Rb7 20. e4 Nc7 21. Bxg7
Kxg7 22. Nd4 Rc8 23. h4 Ne8 24. Rd1 Nf6 25. e5 Ng4 26. e6 f6
27. Nf3 Rcb8 28. Qe4 h5 29. Rd7 Qb5 30. Qc2 Rxd7 31. exd7 e5
32. Rd1 Qa5 33. Rd6 Rd8 34. Kg2 Qc7 35. Ng5 fxg5 36. Qxg6+ Kf8
37. Qf5+ 1-0

[Event "Chinese Chess League"]
[Site "China CHN"]
[Date "2017.07.28"]
[EventDate "2017.04.18"]
[Round "10.4"]
[Result "1-0"]
[White "Antoaneta Stefanova"]
[Black "Ye Yuan"]
[WhiteElo "2512"]
[BlackElo "2206"]
[PlyCount "57"]

1. d4 d5 2. c4 e6 3. Nf3 c6 4. Qc2 dxc4 5. Qxc4 Nf6 6. Bg5 b5
7. Qc2 Bb7 8. e4 h6 9. Bxf6 Qxf6 10. Be2 a6 11. O-O Nd7
12. Nc3 e5 13. Rad1 Bd6 14. Kh1 O-O 15. dxe5 Nxe5 16. Nxe5
Bxe5 17. f4 Bxc3 18. bxc3 Rad8 19. e5 Qe7 20. c4 Qc5 21. Qe4
Bc8 22. f5 Rde8 23. e6 fxe6 24. f6 Qg5 25. h4 Qg3 26. Bd3 Rxf6
27. Rxf6 gxf6 28. Qh7+ Kf8 29. Bg6 1-0

[Event "Chinese Chess League"]
[Site "China CHN"]
[Date "2017.08.18"]
[EventDate "2017.04.18"]
[Round "12.5"]
[Result "0-1"]
[White "Lanlin Zhang"]
[Black "Antoaneta Stefanova"]
[WhiteElo "2165"]
[BlackElo "2499"]
[PlyCount "116"]

1. e4 e5 2. Nf3 Nc6 3. Bc4 Bc5 4. O-O Nf6 5. d3 d6 6. c3 h6
7. h3 O-O 8. a4 a5 9. Be3 Bxe3 10. fxe3 d5 11. exd5 Nxd5
12. Qe2 Nb6 13. Bb3 Qe7 14. Nbd2 Be6 15. Bc2 f5 16. e4 f4
17. d4 exd4 18. cxd4 Nb4 19. Bd1 c6 20. b3 Rae8 21. Rc1 Qd8
22. Re1 Re7 23. Rc3 Bf7 24. Qf2 Bg6 25. Be2 Kh8 26. Bf1 Nd7
27. Kh1 Bh7 28. Bc4 Nf6 29. Ne5 c5 30. Nef3 cxd4 31. Nxd4 Qb6
32. Rf3 Nxe4 33. Nxe4 Rxe4 34. Rxe4 Bxe4 35. Ne6 Qxf2 36. Rxf2
Rf6 37. Rxf4 Rxf4 38. Nxf4 g5 39. Ne6 Kh7 40. Kg1 Kg6 41. Kf2
Kf6 42. Nc5 Bc6 43. g3 Ke5 44. Ke3 Nc2+ 45. Kd3 Nd4 46. Ke3
Nf5+ 47. Kf2 Nd6 48. Bg8 b6 49. Na6 Bb7 50. Nb8 Ne4+ 51. Ke3
Kd6 52. g4 Nc5 53. Kd4 Bg2 54. Bc4 Bxh3 55. Be2 Nxb3+ 56. Ke3
Bg2 57. Bb5 Nc5 58. Kd4 Bb7 0-1

[Event "Chinese Chess League"]
[Site "China CHN"]
[Date "2017.08.19"]
[EventDate "2017.04.18"]
[Round "13.2"]
[Result "1-0"]
[White "Antoaneta Stefanova"]
[Black "Xiaoyi Ren"]
[WhiteElo "2499"]
[BlackElo "2253"]
[PlyCount "101"]

1. c4 Nf6 2. g3 c6 3. Nf3 d5 4. Bg2 g6 5. b3 Bg7 6. Bb2 O-O
7. O-O a5 8. Qc2 Na6 9. d3 Bf5 10. Nbd2 Re8 11. Bc3 Nc5
12. cxd5 cxd5 13. Bxf6 Bxf6 14. Qxc5 Bxa1 15. Rxa1 e5 16. e4
dxe4 17. dxe4 Rc8 18. Qe3 Bg4 19. Nc4 f6 20. a4 Rc6 21. Bf1
Re7 22. h3 Be6 23. g4 g5 24. Be2 h6 25. Rd1 Qc7 26. Nh2 Rc5
27. Qf3 Kg7 28. Ne3 Rc3 29. Bc4 Rd7 30. Re1 Bxc4 31. Nf5+ Kh7
32. Qxc3 Be6 33. Qf3 Qd8 34. Nf1 Rd3 35. Re3 Rd1 36. Kg2 b6
37. Rc3 Rb1 38. Rd3 Qc7 39. N5g3 Qf7 40. Nh5 Rxb3 41. Rxb3
Bxb3 42. Qf5+ Kh8 43. Nxf6 Bxa4 44. Qxe5 Bb3 45. Ng3 Qe6
46. Qd4 Kg7 47. Nd7+ Kf7 48. Nf5 Bc2 49. Ne5+ Kf6 50. Nc6+ Kf7
51. Nd8+ 1-0

[Event "Chinese Chess League"]
[Site "China CHN"]
[Date "2017.08.21"]
[EventDate "2017.04.18"]
[Round "15.1"]
[Result "0-1"]
[White "Zhaoyi Jiang"]
[Black "Antoaneta Stefanova"]
[WhiteElo "1965"]
[BlackElo "2499"]
[PlyCount "72"]

1. d4 g6 2. c4 Bg7 3. Nf3 d6 4. e4 Bg4 5. Be2 Nc6 6. Nbd2 Nf6
7. d5 Nb8 8. Qc2 c6 9. h3 Bxf3 10. Nxf3 Qc7 11. Bd3 Na6
12. Bd2 Nc5 13. O-O a5 14. Bc3 O-O 15. Rfe1 Rfc8 16. dxc6 Qxc6
17. Nd4 Qd7 18. Nb5 e5 19. b3 Qc6 20. Rad1 a4 21. Bb4 Bf8
22. Bxc5 axb3 23. axb3 Qxc5 24. Qb2 Qb4 25. Ra1 Ra6 26. Qc3 d5
27. Qxe5 Qxb3 28. Rxa6 bxa6 29. Qxf6 axb5 30. Re3 dxc4 31. Be2
c3 32. Bg4 Bg7 33. Qe7 Rf8 34. Kh2 Qc4 35. e5 c2 36. e6 Qf4+
0-1

[Event "ch-EUR Women Rapid"]
[Site "Monaco MNC"]
[Date "2017.10.21"]
[EventDate "2017.10.21"]
[Round "1.5"]
[Result "1-0"]
[White "Antoaneta Stefanova"]
[Black "Renata Zahorovska"]
[WhiteElo "2506"]
[BlackElo "1990"]
[PlyCount "61"]

1. d4 f5 2. g3 Nf6 3. Bg2 g6 4. Nh3 Bg7 5. Nf4 c6 6. c4 d6
7. d5 cxd5 8. cxd5 Na6 9. h4 Nc5 10. h5 g5 11. h6 Bf8 12. Nh5
Nxh5 13. Rxh5 g4 14. Nc3 e5 15. dxe6 Bxe6 16. Qd4 Rg8 17. b4
Nd7 18. Bxb7 Rb8 19. Bd5 Bxd5 20. Nxd5 Ne5 21. Rxf5 Be7
22. Bf4 Qd7 23. Qe4 Rg6 24. Bxe5 dxe5 25. Rxe5 Rb7 26. Rxe7+
Qxe7 27. Nxe7 Rxe7 28. Qf4 Rge6 29. Qxg4 Rxh6 30. Qg8+ Kd7
31. O-O-O+ 1-0

[Event "ch-EUR Women Rapid"]
[Site "Monaco MNC"]
[Date "2017.10.21"]
[EventDate "2017.10.21"]
[Round "2.5"]
[Result "0-1"]
[White "Evgeniya Doluhanova"]
[Black "Antoaneta Stefanova"]
[WhiteElo "2328"]
[BlackElo "2506"]
[PlyCount "46"]

1. e4 e5 2. Nf3 Nc6 3. Nc3 Nf6 4. d4 exd4 5. Nxd4 Bb4 6. Nxc6
bxc6 7. Bd3 O-O 8. O-O d6 9. Bg5 Qe7 10. f4 Qe6 11. Qf3 Rb8
12. Rae1 Qg4 13. Bxf6 Qxf3 14. Rxf3 gxf6 15. Kf1 Ba5 16. Rd1
Rxb2 17. Ne2 Re8 18. Rg3+ Kf8 19. Nd4 c5 20. Nc6 Bb6 21. e5 f5
22. Bc4 Rxc2 23. Bb3 Ba6+ 0-1

[Event "ch-EUR Women Rapid"]
[Site "Monaco MNC"]
[Date "2017.10.21"]
[EventDate "2017.10.21"]
[Round "3.4"]
[Result "1/2-1/2"]
[White "Antoaneta Stefanova"]
[Black "Alina Kashlinskaya"]
[WhiteElo "2506"]
[BlackElo "2455"]
[PlyCount "183"]

1. d4 Nf6 2. Nf3 g6 3. g3 Bg7 4. Bg2 c5 5. c3 Qc7 6. O-O O-O
7. Re1 d5 8. a4 cxd4 9. cxd4 Ne4 10. Ra3 Nc6 11. Nc3 Qa5
12. Be3 Rd8 13. h3 Qb4 14. Qc2 Nxd4 15. Nxd4 Bxd4 16. Bxd4
Qxd4 17. Bxe4 dxe4 18. Rd1 Qb6 19. Nd5 Rxd5 20. Rxd5 Be6
21. Rb5 Qd4 22. e3 Qd6 23. Qxe4 Qd1+ 24. Kh2 Rd8 25. Qh1 Qc2
26. Qf3 Rd2 27. Kg2 Bd7 28. Rc3 Bc6 29. Rxc2 Bxf3+ 30. Kxf3
Rxc2 31. Rxb7 a5 32. Rxe7 Rxb2 33. Re5 h5 34. Rxa5 Rb4 35. h4
Kg7 36. Ra7 Kf6 37. a5 Rb5 38. Ke4 Rb2 39. Ra6+ Kg7 40. Kf3
Rb5 41. Ke4 Rb2 42. f3 Rb4+ 43. Ke5 f6+ 44. Kd5 g5 45. hxg5
fxg5 46. Kc5 Rb3 47. Re6 h4 48. gxh4 gxh4 49. Re4 h3 50. Rh4
Rxe3 51. Rxh3 Re5+ 52. Kb4 Rf5 53. Rg3+ Kh7 54. Ka4 Rf4+
55. Kb5 Rf5+ 56. Kb6 Rf6+ 57. Kc7 Rf7+ 58. Kc8 Rf8+ 59. Kd7
Rf5 60. a6 Ra5 61. f4 Rxa6 62. f5 Ra7+ 63. Ke6 Ra6+ 64. Ke5
Ra5+ 65. Kf6 Ra6+ 66. Kg5 Kg7 67. Rb3 Rc6 68. Rb7+ Kf8
69. Rb8+ Kf7 70. Rb7+ Kf8 71. Rh7 Kg8 72. Re7 Kf8 73. Ra7 Rb6
74. Rh7 Ra6 75. Rb7 Rc6 76. Rb8+ Kf7 77. Rh8 Ra6 78. Rh7+ Kf8
79. Rh6 Rxh6 80. Kxh6 Kf7 81. Kh5 Kf6 82. Kg4 Kf7 83. Kf4 Kf6
84. Ke4 Kf7 85. Ke5 Ke7 86. f6+ Kf7 87. Kf5 Kf8 88. Ke5 Kf7
89. Kf5 Kf8 90. Ke6 Ke8 91. f7+ Kf8 92. Kf6 1/2-1/2

[Event "ch-EUR Women Rapid"]
[Site "Monaco MNC"]
[Date "2017.10.21"]
[EventDate "2017.10.21"]
[Round "4.5"]
[Result "1-0"]
[White "Anastasia Savina"]
[Black "Antoaneta Stefanova"]
[WhiteElo "2350"]
[BlackElo "2506"]
[PlyCount "163"]

1. d4 d5 2. c4 c6 3. Nc3 Nf6 4. Nf3 a6 5. e3 e6 6. Bd3 dxc4
7. Bxc4 b5 8. Bd3 c5 9. O-O Bb7 10. dxc5 Bxc5 11. e4 Nbd7
12. h3 Qc7 13. Bg5 h6 14. Bxf6 gxf6 15. Rc1 Qb6 16. Qe2 Rd8
17. Rfd1 Ke7 18. a3 Ne5 19. Nxe5 fxe5 20. Bb1 Bd4 21. Rd3 Rhg8
22. Rf3 Rg5 23. Kh2 Rdg8 24. g3 h5 25. h4 Rg4 26. Nd1 Qd8
27. Ne3 R4g6 28. a4 Qb6 29. axb5 axb5 30. Nd1 Rg4 31. Rb3 Bc6
32. Ne3 Bxe3 33. Qxe3 Qxe3 34. Rxe3 Bd7 35. Bd3 Rh8 36. Rc7
Kd6 37. Ra7 f5 38. exf5 exf5 39. Rxd7+ Kxd7 40. Bxf5+ Kd6
41. Bxg4 hxg4 42. Kg2 Kd5 43. Kf1 e4 44. Rb3 Kc4 45. Rc3+ Kd4
46. Ke2 Rf8 47. Rc7 Rf3 48. Rd7+ Kc4 49. Re7 Kd4 50. Rd7+ Kc5
51. h5 e3 52. fxe3 Rxg3 53. h6 Rh3 54. h7 Rh2+ 55. Kd3 g3
56. Kc3 b4+ 57. Kb3 g2 58. Rg7 Rxh7 59. Rxg2 Rh3 60. Re2 Kb5
61. Kc2 Kc4 62. b3+ Kd5 63. Kd3 Rh1 64. e4+ Kc5 65. Rc2+ Kb5
66. Re2 Rd1+ 67. Kc2 Rd7 68. e5 Kc5 69. e6 Re7 70. Kd3 Kd5
71. Re4 Rxe6 72. Rxe6 Kxe6 73. Kc4 Kd6 74. Kxb4 Kc6 75. Ka5
Kb7 76. Kb5 Kc7 77. Ka6 Kb8 78. Kb6 Kc8 79. b4 Kb8 80. b5 Ka8
81. Kc7 Ka7 82. b6+ 1-0

[Event "ch-EUR Women Rapid"]
[Site "Monaco MNC"]
[Date "2017.10.22"]
[EventDate "2017.10.21"]
[Round "9.9"]
[Result "1/2-1/2"]
[White "Cecile Haussernot"]
[Black "Antoaneta Stefanova"]
[WhiteElo "2169"]
[BlackElo "2506"]
[PlyCount "113"]

1. e4 e5 2. Nf3 Nc6 3. Bc4 Bc5 4. c3 Nf6 5. d4 exd4 6. e5 d5
7. Be2 Ne4 8. cxd4 Bb6 9. Nc3 O-O 10. O-O Be6 11. Be3 f5
12. Nxe4 dxe4 13. Ng5 Bd5 14. Nh3 Bf7 15. Nf4 Nxd4 16. Bxd4
Qxd4 17. e6 Be8 18. Qb3 Qe5 19. Qg3 c6 20. Bc4 Bc7 21. e7+ Rf7
22. Nh5 f4 23. Qh4 g5 24. Qg4 Qxe7 25. h4 h6 26. Qf5 Kf8
27. Qg6 Qd6 28. Qxe4 gxh4 29. Rad1 Qe5 30. Qg6 Qg5 31. Bxf7
Qxg6 32. Bxg6 Bxg6 33. Nf6 Bf5 34. Nd7+ Kf7 35. Rfe1 Rg8
36. Kh1 h3 37. gxh3 Bxh3 38. Ne5+ Kf6 39. Nd7+ Kf5 40. Re7
Bg2+ 41. Kh2 Bd5 42. Rg1 Rd8 43. Rgg7 Bd6 44. Re1 Be6 45. Rd1
Bd5 46. f3 Re8 47. Rd2 Re3 48. Rdg2 Rxf3 49. R7g6 Be5 50. Rxh6
Bc7 51. Rh5+ Ke4 52. Nf6+ Ke3 53. Rxd5 Rf1 54. Ng4+ Ke4
55. Nf6+ Ke3 56. Ng4+ Ke4 57. Nf6+ 1/2-1/2

[Event "ch-EUR Women Rapid"]
[Site "Monaco MNC"]
[Date "2017.10.22"]
[EventDate "2017.10.21"]
[Round "10.10"]
[Result "1-0"]
[White "Antoaneta Stefanova"]
[Black "Sophie Milliet"]
[WhiteElo "2506"]
[BlackElo "2377"]
[PlyCount "117"]

1. d4 Nf6 2. Nf3 d5 3. e3 e6 4. b3 c5 5. Bb2 Nc6 6. Bd3 Bd6
7. Ne5 Qc7 8. f4 Ne4 9. Nxc6 bxc6 10. Bxe4 dxe4 11. Nd2 cxd4
12. Bxd4 e5 13. fxe5 Bxe5 14. Nxe4 O-O 15. Qf3 Qa5+ 16. c3
Bxd4 17. exd4 Bg4 18. Nf6+ gxf6 19. Qxg4+ Kh8 20. Qf3 Rae8+
21. Kf2 Re6 22. Rhf1 Qg5 23. Kg1 Rfe8 24. Qf4 Kg7 25. h4 Qxf4
26. Rxf4 Re2 27. Rf2 R2e4 28. Raf1 R8e6 29. Rf4 Re2 30. R1f2
Re1+ 31. Kh2 h5 32. Rd2 R1e3 33. c4 Rd6 34. d5 Re5 35. Rfd4 a5
36. dxc6 Rxc6 37. a4 Rb6 38. R2d3 Rb4 39. Kg3 Re2 40. Rd5 Rb2
41. Rb5 Kg6 42. Kf3 f5 43. g3 f6 44. Ke3 Rg2 45. Kd4 f4
46. gxf4 Rg4 47. Rf3 Rxh4 48. Rxa5 Rh1 49. Rg3+ Kf7 50. f5 Rb7
51. Rb5 Rd7+ 52. Kc5 h4 53. Rg6 Rf1 54. Kb4 h3 55. Rh6 Rf3
56. Rh7+ Ke8 57. Rb8+ Rd8 58. Rh8+ Ke7 59. Rbxd8 1-0

[Event "ch-EUR Women Rapid"]
[Site "Monaco MNC"]
[Date "2017.10.22"]
[EventDate "2017.10.21"]
[Round "11.6"]
[Result "1/2-1/2"]
[White "Inna Gaponenko"]
[Black "Antoaneta Stefanova"]
[WhiteElo "2433"]
[BlackElo "2506"]
[PlyCount "97"]

1. e4 e5 2. Nf3 Nc6 3. Bb5 Nge7 4. Nc3 d6 5. d4 a6 6. Bc4 b5
7. Be2 Bb7 8. O-O h6 9. Be3 g6 10. a4 b4 11. Nd5 Bg7 12. dxe5
Nxe5 13. Nxe5 Bxe5 14. Nxb4 Bxe4 15. c3 a5 16. Nd3 Bg7 17. Bf3
Bxf3 18. Qxf3 O-O 19. Rfe1 Rb8 20. h3 Qd7 21. Bd2 c5 22. Rab1
Nf5 23. Qg4 Qc6 24. b4 Qxa4 25. Rec1 h5 26. Qc4 axb4 27. cxb4
cxb4 28. Rxb4 Rxb4 29. Bxb4 Re8 30. Nf4 Bh6 31. g4 hxg4
32. hxg4 Nh4 33. Bxd6 Qa8 34. Qc6 Nf3+ 35. Kg2 Qxc6 36. Rxc6
Nd4 37. Rb6 Rc8 38. Rb8 Rxb8 39. Bxb8 Bg5 40. Nd3 Nc6 41. Bd6
Kg7 42. f4 Bd8 43. Kf3 Nd4+ 44. Ke4 Ne6 45. g5 Bc7 46. Bxc7
Nxc7 47. f5 gxf5+ 48. Kxf5 Ne6 49. Ke4 1/2-1/2

[Event "ch-EUR Women Blitz"]
[Site "Monaco MNC"]
[Date "2017.10.23"]
[EventDate "2017.10.23"]
[Round "1.4"]
[Result "0-1"]
[White "Helene Mira"]
[Black "Antoaneta Stefanova"]
[WhiteElo "2064"]
[BlackElo "2506"]
[PlyCount "69"]

1. Nf3 d5 2. d4 Nf6 3. c4 c6 4. Nc3 a6 5. c5 Bf5 6. Bf4 Nbd7
7. e3 e6 8. h3 h6 9. Bd3 Bxd3 10. Qxd3 Be7 11. O-O O-O 12. b4
Qc8 13. a4 Bd8 14. Bd6 Re8 15. Ne5 Bc7 16. Bxc7 Qxc7 17. f4
Reb8 18. b5 axb5 19. axb5 Qc8 20. b6 Rxa1 21. Rxa1 Ra8 22. Qb1
Rxa1 23. Qxa1 Nxe5 24. fxe5 Nd7 25. Qa7 f6 26. exf6 Nxf6
27. Kf2 Nd7 28. e4 e5 29. exd5 exd4 30. dxc6 Qxc6 31. Qa2+ Kh8
32. Ne2 d3 33. Nf4 Qxc5+ 34. Kf1 Qc1+ 35. Kf2 0-1

[Event "ch-EUR Women Blitz"]
[Site "Monaco MNC"]
[Date "2017.10.23"]
[EventDate "2017.10.23"]
[Round "2.4"]
[Result "1-0"]
[White "Antoaneta Stefanova"]
[Black "Mai Narva"]
[WhiteElo "2506"]
[BlackElo "2211"]
[PlyCount "67"]

1. d4 Nf6 2. Nf3 d5 3. e3 e6 4. b3 c5 5. Bb2 Nc6 6. Bd3 Bd6
7. O-O O-O 8. c4 cxd4 9. exd4 dxc4 10. bxc4 b6 11. Nbd2 Bb7
12. Rc1 Rc8 13. Qe2 Bf4 14. Rcd1 Na5 15. Ne5 Qd6 16. Ndf3 Rfd8
17. Bc1 Bxc1 18. Rxc1 Bxf3 19. Nxf3 Nc6 20. Rfd1 Qf4 21. Qe3
Qg4 22. h3 Qh5 23. Bb1 h6 24. Rd2 Na5 25. Qd3 Rc7 26. Ne5 Qg5
27. Rdd1 Nc6 28. Nf3 Qh5 29. c5 bxc5 30. Rxc5 Rd5 31. Rdc1 Nb4
32. Qb5 Rdxc5 33. Rxc5 Rxc5 34. Qb8+ 1-0